Trouvez 30 Avions - Statistiques

Statistiques générales
  • Ce quiz a été pris 22 fois
  • Le résultat moyen est 3 sur 30
Statistiques - réponses
Par images Réponse % Correct
P51 Mustang
42%
Dassault Rafale
32%
Airbus A380-800
26%
Airbus A400M
26%
Boeing C-17
26%
Airbus A350-1000
21%
Airbus A350-900
21%
Airbus A330-300
16%
Cessna Grand Caravan
16%
Airbus A340-600
11%
Lockheed L-1011 Tristar
11%
Airbus A300-600
5%
BAE 146
5%
Dassault Falcon 8x
5%
Pilatus PC24
5%
Saab 2000
5%
Sud Aviation Caravelle
5%
ATR 42-600
0%
Boeing B717
0%
Boeing B727-200
0%
Boeing B737-200
0%
Boeing B747-8
0%
Boeing B757-200
0%
Boeing B777-300
0%
Boeing B787-9
0%
Douglas DC-8
0%
Embraer ERJ170
0%
Gulfstream G450
0%
Ilyushin IL-62
0%
Lockheed Electra
0%
Aucun quiz correspondant
Distribution des résultats
% des personnes avec chaque résultat
Percentile par nombre de réponses
Votre historique - résultats
Vous n’avez pas pris ce quiz